| 000 | 00463nam a2200181Ia 4500 | ||
|---|---|---|---|
| 005 | 20250317130531.0 | ||
| 008 | 008 250317s9999 xx 000 0 eng d | ||
| 037 | _aTextbook | ||
| 040 |
_aFMSL _beng _cFMSL |
||
| 041 |
_aeng _2eng |
||
| 084 | _qFMSL | ||
| 100 |
_aSubramanyam G _9738794 |
||
| 245 | 0 | _aLaw & Practice of banking | |
| 260 |
_aSri _bSri, Balji Pub. _c1976 |
||
| 300 | _a246p | ||
| 942 | _cTB | ||
| 999 |
_c1264180 _d1264180 |
||